The Usborne book of world geography / (Record no. 9802)
[ view plain ]
| 000 -LEADER | |
|---|---|
| fixed length control field | 00449nam a22001697a 4500 |
| 003 - CONTROL NUMBER IDENTIFIER | |
| control field | OSt |
| 005 - DATE AND TIME OF LATEST TRANSACTION | |
| control field | 20140310182138.0 |
| 008 - FIXED-LENGTH DATA ELEMENTS--GENERAL INFORMATION | |
| fixed length control field | 130829t xxu||||| |||| 00| 0 eng d |
| 020 ## - INTERNATIONAL STANDARD BOOK NUMBER | |
| International Standard Book Number | 086020572X |
| 050 ## - LIBRARY OF CONGRESS CALL NUMBER | |
| Classification number | G 133 |
| Item number | .Us84 1984 |
| 082 ## - DEWEY DECIMAL CLASSIFICATION NUMBER | |
| Classification number | HS 910 |
| Item number | Us1 1984 |
| 245 ## - TITLE STATEMENT | |
| Title | The Usborne book of world geography / |
| 260 ## - PUBLICATION, DISTRIBUTION, ETC. (IMPRINT) | |
| Place of publication, distribution, etc | England : |
| Name of publisher, distributor, etc | Usborne Publishing, |
| Date of publication, distribution, etc | c1984. |
| 300 ## - PHYSICAL DESCRIPTION | |
| Extent | 160 p. : |
| Other physical details | ill.; |
| Dimensions | 28 cm. |
| 942 ## - ADDED ENTRY ELEMENTS (KOHA) | |
| Source of classification or shelving scheme | Library of Congress Classification |
| Koha item type | |
| Withdrawn status | Lost status | Source of classification or shelving scheme | Damaged status | Home library | Current library | Shelving location | Date acquired | Total Checkouts | Full call number | Barcode | Date last seen | Copy number | Price effective from | Koha item type |
|---|---|---|---|---|---|---|---|---|---|---|---|---|---|---|
| Library of Congress Classification | Luxembourg Library | Luxembourg Library | High School Section | 08/29/2013 | G 133 .Us84 1984 | 2863 | 07/15/2015 | 1 | 08/29/2013 | Books |